Countries of Africa in Alphabetical Order with a Map - Statistics

General Stats
  • This quiz has been taken 89 times
  • The average score is 40 of 54
Answers on the Map
Answers color-coded by a green-red scale on the quiz's map according to % correct below.
 
Answer Stats
Country % Correct
Algeria
98%
Angola
95%
Benin
92%
Botswana
89%
Cape Verde
88%
Burkina Faso
86%
Chad
86%
Burundi
85%
Cameroon
85%
Central African Republic
83%
Comoros
83%
Djibouti
83%
D. R. Congo
83%
Ethiopia
83%
Gambia
82%
Ghana
82%
Egypt
80%
Equatorial Guinea
80%
Eritrea
80%
Guinea
80%
Eswatini
78%
Gabon
78%
Guinea-Bissau
78%
Ivory Coast
78%
Kenya
77%
Libya
77%
Liberia
75%
Lesotho
74%
Malawi
72%
Namibia
72%
Madagascar
71%
Mali
71%
Mauritania
71%
Morocco
71%
Mozambique
71%
Niger
71%
Nigeria
71%
Mauritius
69%
Zambia
68%
Zimbabwe
68%
Rwanda
65%
Senegal
62%
Sierra Leone
62%
Somalia
62%
South Sudan
62%
Sudan
62%
Uganda
62%
South Africa
60%
Tanzania
60%
Tunisia
60%
Rep. of the Congo
58%
Seychelles
58%
Togo
58%
São Tomé and Príncipe
57%
No matching quizzes found
Score Distribution
Percent of People with Each Score
Percentile by Number Answered
Your Score History
You have not taken this quiz